[Event "POL-chT blind"]
[Site "Mielno"]
[Date "2010.03.24"]
[Round "5.7"]
[White "Hodowany, Wojciech"]
[Black "Szarata, Adrian"]
[Result "0-1"]
[WhiteElo "1798"]
[BlackElo "2028"]
[PlyCount "72"]
[EventDate "2010.03.21"]
[EventType "team-tourn"]
[EventRounds "10"]
[EventCountry "POL"]
[SourceTitle "EXT 2011"]
[Source "ChessBase"]
[SourceDate "2010.11.26"]
[SourceVersion "1"]
[SourceVersionDate "2010.11.26"]
[SourceQuality "1"]

1. d4 Nf6 2. c4 g6 3. Nc3 d5 4. Nf3 Bg7 5. Bg5 dxc4 6. e3 0-0 7. Bxc4 a6 8. 0-0 b5 9. Bd3 Nbd7 10. Rc1 c5 11. dxc5 Nxc5 12. Bb1 Ne6 13. Bh4 Bb7 14. Qe2 Qb6 15. Rfd1 Rfd8 16. e4 Bh6 17. Rxd8+ Rxd8 18. Rd1 Nf4 19. Rxd8+ Qxd8 20. Qe1 b4 21. Na4 Bc6 22. Nc5 a5 23. Bg5 Bxg5 24. Nxg5 Qd6 25. Nb3 a4 26. Nd2 Bb5 27. g3 Nd3 28. Bxd3 Qxd3 29. e5 Nd5 30. Ngf3 a3 31. bxa3 Qxa3 32. e6 f6 33. Qb1 Nc3 34. Qc2 Kg7 35. Nd4 Ba4 36. Qe4 Qxa2 0-1

[Event "POL-chT blind"]
[Site "Mielno"]
[Date "2010.03.24"]
[Round "6.12"]
[White "Krol, Mariusz"]
[Black "Szarata, Adrian"]
[Result "1-0"]
[WhiteElo "2009"]
[BlackElo "2028"]
[PlyCount "70"]
[EventDate "2010.03.21"]
[EventType "team-tourn"]
[EventRounds "10"]
[EventCountry "POL"]
[SourceTitle "EXT 2011"]
[Source "ChessBase"]
[SourceDate "2010.11.26"]
[SourceVersion "1"]
[SourceVersionDate "2010.11.26"]
[SourceQuality "1"]

1. f4 d5 2. Nf3 Nf6 3. e3 g6 4. Nc3 Bg7 5. Ne2 b6 6. Ng3 Bb7 7. d4 0-0 8. Bd3 Na6 9. c3 c5 10. h4 h5 11. f5 Qd6 12. Ne2 Ne4 13. Nf4 Nc7 14. Ng5 e5 15. fxe6 Nxe6 16. Ngxe6 fxe6 17. dxc5 Nxc5 18. Bxg6 e5 19. Qxh5 Rxf4 20. Bh7+ Kh8 21. exf4 Qh6 22. Bg6 Qxh5 23. Bxh5 Nd3+ 24. Ke2 Ba6 25. Kf3 e4+ 26. Kg3 d4 27. cxd4 Bxd4 28. Bg6 Bf2+ 29. Kg4 Nxc1 30. Raxc1 e3 31. Kf3 Bb7+ 32. Be4 Bxe4+ 33. Kxe4 e2 34. Kf3 e1Q 35. Rcxe1 Bxe1 1-0

[Event "POL-chT blind"]
[Site "Mielno"]
[Date "2010.03.22"]
[Round "2.2"]
[White "Szarata, Adrian"]
[Black "Staruch, Roman"]
[Result "0-1"]
[WhiteElo "2028"]
[BlackElo "1962"]
[PlyCount "53"]
[EventDate "2010.03.21"]
[EventType "team-tourn"]
[EventRounds "10"]
[EventCountry "POL"]
[SourceTitle "EXT 2011"]
[Source "ChessBase"]
[SourceDate "2010.11.26"]
[SourceVersion "1"]
[SourceVersionDate "2010.11.26"]
[SourceQuality "1"]

1. d4 d5 2. c4 e6 3. Nc3 Nf6 4. cxd5 exd5 5. Bf4 Bd6 6. Bxd6 Qxd6 7. Nf3 0-0 8. Qc2 Nc6 9. e3 Bg4 10. a3 Rfe8 11. Bd3 Bxf3 12. gxf3 Nxd4 13. Qa4 Nxf3+ 14. Ke2 Ne5 15. Bf5 c5 16. Rad1 d4 17. Kf1 Qb6 18. exd4 cxd4 19. Qxd4 Qxb2 20. a4 Nc6 21. Qc4 Re5 22. Rb1 Qd2 23. Rd1 Qg5 24. Bh3 Rae8 25. Nb5 Qh5 26. Qb3 Qe2+ 27. Kg1 0-1